Evidence based practice in physiotherapist perspective/ (Record no. 163429)

MARC details
000 -LEADER
fixed length control field 00717nam a2200193 4500
005 - DATE AND TIME OF LATEST TRANSACTION
control field 20190415115338.0
010 ## - LCCN (DPL NO)
LC control number ENG-125051
020 ## - INTERNATIONAL STANDARD BOOK NUMBER
International Standard Book Number 9789384692049
Terms of availability 250.00
035 ## - SYSTEM CONTROL NUMBER
System control number EN-108583
037 ## - SOURCE OF ACQUISITION
Source of stock number/acquisition DBAD/PUB
082 ## - DEWEY DECIMAL CLASSIFICATION NUMBER
Classification number 615.820
100 ## - MAIN ENTRY--PERSONAL NAME
Personal name Francis, Tilak T.G.
245 ## - TITLE STATEMENT
Title Evidence based practice in physiotherapist perspective/
Statement of responsibility, etc by T.G. Tilak Francis
260 ## - PUBLICATION, DISTRIBUTION, ETC. (IMPRINT)
Place of publication, distribution, etc Chennai
Name of publisher, distributor, etc Digital Age Publishers
Date of publication, distribution, etc 2017
270 ## - ADDRESS
Address 26, Vedantham Colony, 2nd Cross Street, Tambaram Santorium
City Chennai
Postal code 600047
Telephone number 9551891745, 9941535005
Electronic mail address digitalagepublisheres@gmail.com
300 ## - PHYSICAL DESCRIPTION
Extent xx,50p.
Dimensions 21cm.(Pbk)
500 ## - GENERAL NOTE
General note includes bibliographical references and index
942 ## - ADDED ENTRY ELEMENTS (KOHA)
Source of classification or shelving scheme Dewey Decimal Classification
Item type English Books
Classification part 615.820
Call number suffix FRA
Holdings
Withdrawn status Lost status Not for loan Collection code Home library Current library Date acquired Source of acquisition Cost, normal purchase price Full call number Barcode Copy number Cost, replacement price Koha item type
    Not For Loan Non-fiction D.B.Act.Division Ashok Vihar 15/04/2019 DBAD/PUB 250.00 615.820 FRA EN-108583 1 250.00 English Books

© Delhi Public Library
Hit Counter
free hit counter